00668naa a2200181 a 450000100080000000500110000800800410001910000230006024500740008326000090015730000160016665300430018270000190022570000200024470000240026470000260028877301720031410078352006-09-14 2003 bl uuuu u00u1 u #d1 aFERREIRA, W. P. M. aAquisição de dados de temperatura utilizando a tecnologia 1-wireTM. c2003 ap. 441-442. aControle de temperatura em um aviário1 aMARTINS, J. H.1 aSOUZA, C. de F.1 aSTEIDLE NETO, A. J.1 aMONTEIRO, P. M. de B. tIn: CONGRESSO BRASILEIRO DE AGROMETEOROLOGIA, 13., 2003, Santa Maria. Situação atual e perspectivas da agrometeorologia: anais. Santa Maria: UNIFRA: SBA: UFSM, 2003.